=LDR 00000nam 2200000 4500 =001 INLIS000000000810354 =005 20251129013840 =035 ##$$a 0010-1125000208 =007 ta =008 251129###########################0#ara## =020 ##$$a 9786038274323 =082 ##$$a 297.57 =084 ##$$a 297.57 IBN a =245 ##$$a At Tibyan fii syarh : $b akhlakil hamalatil Qur an /$c Imam Mujaddid Abu Bakar Muhammad bin Husain Al Ajuri =260 ##$$a Saudi Arabia :$b Dar Ibnul Jauzi, KSA =300 ##$$a 187 hlm ; $c 24 cm =520 ##$$a Akhlak Islam Tazkiyatun nufus =990 ##$$a 00000004897